Paresh Maity: (Record no. 199285)

MARC details
000 -LEADER
fixed length control field 00886nam a2200229 4500
005 - DATE AND TIME OF LATEST TRANSACTION
control field 20231129111710.0
010 ## - LCCN (DPL NO)
LC control number ENG-138478
020 ## - INTERNATIONAL STANDARD BOOK NUMBER
International Standard Book Number 9789389152074
Terms of availability 4999.00
035 ## - SYSTEM CONTROL NUMBER
System control number EN-122011
037 ## - SOURCE OF ACQUISITION
Source of stock number/acquisition DBAD/PUB
082 ## - DEWEY DECIMAL CLASSIFICATION NUMBER
Classification number 759.954
Edition number First
100 ## - MAIN ENTRY--PERSONAL NAME
Personal name Maity, Paresh
245 ## - TITLE STATEMENT
Title Paresh Maity:
Statement of responsibility, etc By Paresh Maity Photograph By Nemai Ghosh ;Concept By Sunil Sud and Design By Vishwajyoti Ghosh
Remainder of title A portrait of the Artist in ther World/
250 ## - EDITION STATEMENT
Edition statement First
260 ## - PUBLICATION, DISTRIBUTION, ETC. (IMPRINT)
Place of publication, distribution, etc Chennai
Name of publisher, distributor, etc Westland Books
Date of publication, distribution, etc 2020
270 ## - ADDRESS
Address 1st Floor A Block, East Wing, Plot No 40, SP Infocity, Dr MGR Salai, Perungudi, Kandanchavadi
City Chennai
Postal code 600096
300 ## - PHYSICAL DESCRIPTION
Extent 354p.
Dimensions 36cm(hbk)
Other physical details ill,col
700 ## - ADDED ENTRY--PERSONAL NAME
Personal name Ghosh, Nemai
Relator term Photograph
9 (RLIN) 59168
700 ## - ADDED ENTRY--PERSONAL NAME
Personal name Ghosh , Vishwajyoti
Relator term Design
9 (RLIN) 59169
700 ## - ADDED ENTRY--PERSONAL NAME
Personal name Sud, Sunil
Relator term Concept
9 (RLIN) 59170
942 ## - ADDED ENTRY ELEMENTS (KOHA)
Source of classification or shelving scheme Dewey Decimal Classification
Item type English Books
Classification part 759.954
Call number suffix PAR
Holdings
Withdrawn status Lost status Not for loan Collection code Home library Current library Date acquired Source of acquisition Cost, normal purchase price Full call number Barcode Copy number Cost, replacement price Koha item type
    Not For Loan Reference Ashok Vihar Ashok Vihar 29/11/2023 DBAD/PUB 4999.00 759.954 PAR EN-122011 1 4999.00 English Books

© Delhi Public Library
Hit Counter
free hit counter